书目信息 |
| 题名: |
精英荟萃·经济纵横
|
|
| 作者: | 王少如 , 高路 主编 | |
| 分册: | ||
| 出版信息: | 上海 上海世界图书出版公司 2005.01 |
|
| 页数: | 260页 | |
| 开本: | 21cm | |
| 丛书名: | 英语教学节目丛书 | |
| 单 册: | ||
| 中图分类: | H310.1 | |
| 科图分类: | ||
| 主题词: | 英语--ying yu--美国--自学参考资料 | |
| 电子资源: | ||
| ISBN: | 7-5062-7092-7 | |
| 000 | 01213nam 2200289 450 | |
| 001 | 012006833318 | |
| 005 | 20060911161028.46 | |
| 010 | @a7-5062-7092-7@dCNY20.00 (含光盘) | |
| 100 | @a20060805d2005 km y0chiy0120 ea | |
| 101 | 0 | @achi@aeng |
| 102 | @aCN@b310000 | |
| 105 | @aa z 000yy | |
| 200 | 1 | @a精英荟萃·经济纵横@Ajing ying hui cui·jing ji zong heng@d= People in America economics report@f王少如, 高路主编@Fwang shao ru,gao lu zhu bian@zeng |
| 210 | @a上海@c上海世界图书出版公司@d2005.01 | |
| 215 | @a260页@c图@d21cm@e光盘1片 | |
| 225 | 2 | @a英语教学节目丛书@Aying yu jiao xue jie mu cong shu |
| 306 | @a本书经VOA授权出版。 | |
| 307 | @a光盘 ISBN : 7-88751-375-8 | |
| 330 | @a本书以美国社会生活为题材,通过美国人的文化视野学习美式英语,不仅句子简练,基本词汇约1500余个,而且播送的语速约一分钟90个单词,比正常语速慢三分之一,因此本书既可用作英语泛读的课文,又可用作听力训练的教材。 | |
| 410 | 0 | @12001 @a英语教学节目丛书 |
| 510 | 1 | @aPeople in America economics report@zeng |
| 606 | 0 | @a英语@Aying yu@y美国@j自学参考资料 |
| 690 | @aH310.1@v4 | |
| 701 | 0 | @a王少如@Awang shao ru@4主编 |
| 701 | 0 | @a高路@Agao lu@4主编 |
| 801 | 0 | @aCN@bQSSK@c20060911 |
| 905 | @b597894-96@dH310.1@eW335 | |
| 精英荟萃·经济纵横= People in America economics report/王少如, 高路主编.-上海:上海世界图书出版公司,2005.01 |
| 260页:图;21cm+光盘1片.-(英语教学节目丛书) |
| ISBN 7-5062-7092-7:CNY20.00 (含光盘) |
| 本书以美国社会生活为题材,通过美国人的文化视野学习美式英语,不仅句子简练,基本词汇约1500余个,而且播送的语速约一分钟90个单词,比正常语速慢三分之一,因此本书既可用作英语泛读的课文,又可用作听力训练的教材。 |
| ● |
| 相关链接 |
|
|
|
正题名:精英荟萃·经济纵横
索取号:H310.1/W335
 
预约/预借
| 序号 | 登录号 | 条形码 | 馆藏地/架位号 | 状态 | 备注 |
| 1 | 597894 | 205978940 | 语言库209/209语言库 95排1列2层/ [索取号:H310.1/W335] | 在馆 | |
| 2 | 597895 | 205978959 | 语言库209/209语言库 95排1列2层/ [索取号:H310.1/W335] | 在馆 | |
| 3 | 597896 | 205978968 | 语言库209/209语言库 95排1列2层/ [索取号:H310.1/W335] | 在馆 |